Teoría de generadores de vapor
| Main Authors: | , |
|---|---|
| Format: | Section = Libro |
| Language: | Undetermined Spanish |
| Published: |
Cuba
Pueblo y Educación
1986
|
| Subjects: |
| LEADER | 00555nam a2200193Ia 4500 | ||
|---|---|---|---|
| 008 | 240830s9999 xx 000 0 und d | ||
| 040 | |a B-ESTELÍ- RUACS / 621.1 G661 | ||
| 041 | |a spa | ||
| 082 | |a 621.1 G661 | ||
| 100 | 1 | |a Gorbatenko, Vladimir | |
| 100 | 1 | |b Loo Chirino, Feliciano | |
| 245 | 1 | 0 | |a Teoría de generadores de vapor |
| 260 | |a Cuba |b Pueblo y Educación |c 1986 | ||
| 300 | |a 233 p:il | ||
| 650 | 7 | |a COMBUSTIBLES Y PROCESOS DE COMBUSTION | |
| 650 | 7 | |b HIDRODINAMICA DE LOS GENERADORES DE VAPOR | |
| 942 | |c BK |2 ddc | ||
| 991 | |a TEXTO | ||
| 999 | |c 11197 | ||